|
|
|
|
| LEADER |
00000cam a22000004a 4500 |
| 001 |
musev2_100565 |
| 003 |
MdBmJHUP |
| 005 |
20230905053529.0 |
| 006 |
m o d |
| 007 |
cr||||||||nn|n |
| 008 |
161212s2016 nyu o 00 0 eng d |
| 010 |
|
|
|z 2016057260
|
| 020 |
|
|
|a 9781583676288
|
| 020 |
|
|
|z 9781583676264
|
| 040 |
|
|
|a MdBmJHUP
|c MdBmJHUP
|
| 100 |
1 |
|
|a Sheehan, Helena,
|e author.
|
| 245 |
1 |
4 |
|a Syriza Wave :
|b Surging and Crashing with the Greek Left /
|c by Helena Sheehan.
|
| 264 |
|
1 |
|a New York :
|b Monthly Review Press,
|c [2016]
|
| 264 |
|
3 |
|a Baltimore, Md. :
|b Project MUSE,
|c 0000
|
| 264 |
|
4 |
|c ©[2016]
|
| 300 |
|
|
|a 1 online resource.
|
| 336 |
|
|
|a text
|b txt
|2 rdacontent
|
| 337 |
|
|
|a computer
|b c
|2 rdamedia
|
| 338 |
|
|
|a online resource
|b cr
|2 rdacarrier
|
| 505 |
0 |
|
|a Cover; Title Page; Copyright; Contents; Dedication; Preface; Acknowledgments; Timeline; 1-2012: Almost Winning; 2-2013: Preparing for Power; 3-2014: Holding Pattern; 4-2015: Fighting Goliath; 5-2015: Dealing with Defeat; 6-2016: Talking Left, Walking Right; Notes; Index
|
| 588 |
|
|
|a Description based on print version record.
|
| 610 |
2 |
7 |
|a Synaspismos Rizospastikēs Aristeras (Greece)
|2 fast
|0 (OCoLC)fst01929400
|
| 610 |
2 |
0 |
|a Synaspismos Rizospastikēs Aristeras (Greece)
|
| 651 |
|
7 |
|a Greece.
|2 fast
|0 (OCoLC)fst01208380
|
| 651 |
|
0 |
|a Greece
|x Politics and government
|y 21st century.
|
| 650 |
|
7 |
|a Right and left (Political science)
|2 fast
|0 (OCoLC)fst01097849
|
| 650 |
|
7 |
|a Politics and government.
|2 fast
|0 (OCoLC)fst01919741
|
| 650 |
|
7 |
|a Financial crises.
|2 fast
|0 (OCoLC)fst00924607
|
| 650 |
|
7 |
|a POLITICAL SCIENCE
|x Political Process
|x General.
|2 bisacsh
|
| 650 |
|
7 |
|a POLITICAL SCIENCE
|x Political Process
|x Elections.
|2 bisacsh
|
| 650 |
|
0 |
|a Right and left (Political science)
|z Greece.
|
| 650 |
|
0 |
|a Financial crises
|z Greece
|x History
|y 21st century.
|
| 655 |
|
7 |
|a History.
|2 fast
|0 (OCoLC)fst01411628
|
| 655 |
|
7 |
|a Electronic books.
|2 local
|
| 710 |
2 |
|
|a Project Muse.
|e distributor
|
| 830 |
|
0 |
|a Book collections on Project MUSE.
|
| 856 |
4 |
0 |
|z Texto completo
|u https://projectmuse.uam.elogim.com/book/100565/
|
| 945 |
|
|
|a Project MUSE - Custom Collection
|